[Event "Interclubs Adultes"]
[Site "?"]
[Date "2003.12.07"]
[Round "3.3"]
[White "Kizilian, Emmanuel"]
[Black "Bazzazi, Abdelaziz"]
[Result "0-1"]
[WhiteElo "1830"]
[BlackElo "1951"]
[PlyCount "82"]
[EventDate "2003.??.??"]

1. e4 c5 2. Ne2 Nc6 3. d4 cxd4 4. Nxd4 Qb6 5. Nb3 Nf6 6. Be3 Qc7 7. Nc3 e6 8.
a3 Be7 9. f4 d6 10. Be2 a6 11. Bf3 O-O 12. Qd2 Rb8 13. Rd1 b5 14. O-O Bb7 15.
Qf2 Ba8 16. Rfe1 Rfc8 17. Ne2 b4 18. axb4 Rxb4 19. Ng3 a5 20. Bd2 Rbb8 21. Bc3
a4 22. Nc1 Nb4 23. Bxf6 Bxf6 24. c3 Na6 25. Nd3 g6 26. e5 Be7 27. Bxa8 Rxa8 28.
Ne4 d5 29. Nf6+ Kg7 30. Ng4 Nc5 31. Kh1 Ne4 32. Qe2 a3 33. Ra1 axb2 34. Rxa8
Rxa8 35. Qxb2 Rb8 36. Qc1 h5 37. Ne3 Rb3 38. Nb2 Ba3 39. Re2 Rxc3 40. Rc2 Rxc2
41. Nxc2 Qc3 0-1

[Event "Interclubs Adultes"]
[Site "?"]
[Date "2003.12.07"]
[Round "3.4"]
[White "Rodriguez, Jean-Pierre"]
[Black "Mantoux, Pascal"]
[Result "1-0"]
[WhiteElo "1941"]
[BlackElo "1760"]
[PlyCount "69"]
[EventDate "2003.??.??"]

1. d4 Nf6 2. e3 g6 3. Bd3 Bg7 4. Nf3 O-O 5. O-O d6 6. c4 c5 7. Nbd2 Qc7 8. Rb1
Nc6 9. a3 a6 10. b4 cxb4 11. axb4 Bd7 12. Qb3 Rfb8 13. Bb2 b6 14. Rfc1 a5 15.
Ba3 a4 16. Qd1 Na7 17. b5 Nc8 18. Bc2 Ra7 19. Rb4 Rba8 20. Ne4 Qb7 21. Nxf6+
Bxf6 22. Nd2 Be6 23. Be4 d5 24. Bf3 Nd6 25. Qc2 Ne4 26. Nxe4 dxe4 27. Bxe4 Qc8
28. Bxa8 Qxa8 29. Ra1 Bf5 30. Qa2 e5 31. dxe5 Bxe5 32. Bb2 Bxb2 33. Rxb2 Qd8
34. Rd2 Qf6 35. Qb2 1-0

[Event "Interclubs Adultes"]
[Site "?"]
[Date "2003.12.07"]
[Round "3.5"]
[White "Berthelot, Pascal"]
[Black "Paris, Thierry"]
[Result "0-1"]
[WhiteElo "1660"]
[BlackElo "1810"]
[PlyCount "42"]
[EventDate "2003.??.??"]

1. e4 e6 2. d4 d5 3. exd5 exd5 4. Bd3 Bd6 5. Nf3 Nf6 6. O-O O-O 7. Bg5 Bg4 8.
Be2 c6 9. Ne5 Bxe2 10. Qxe2 Re8 11. f4 Nbd7 12. Qf3 Qb6 13. Qd3 Nxe5 14. fxe5
Bxe5 15. c3 Ne4 16. Be3 Qxb2 17. dxe5 Qxa1 18. a3 Qb2 19. c4 Qxe5 20. Bd4 dxc4
21. Qxc4 Qd5 0-1

[Event "Interclubs Adultes"]
[Site "?"]
[Date "2003.12.07"]
[Round "3.6"]
[White "Dededjian, Olivier"]
[Black "Mosticone, David"]
[Result "0-1"]
[WhiteElo "1540"]
[BlackElo "1630"]
[PlyCount "62"]
[EventDate "2003.??.??"]

1. d4 g6 2. e4 c6 3. Nc3 d5 4. Nf3 Bg7 5. Be3 h5 6. Qd2 Nh6 7. h3 dxe4 8. Nxe4
Bf5 9. Ng3 e6 10. O-O-O Nd7 11. Bc4 Nb6 12. Bb3 a5 13. a4 Nd5 14. Bxd5 cxd5 15.
Bf4 Rc8 16. Nxf5 Nxf5 17. c3 Qd7 18. b3 b5 19. Ne5 Qb7 20. Qb2 Bf6 21. Rd3 Be7
22. Bd2 Nd6 23. f3 Rg8 24. Re1 f6 25. Nxg6 Rxg6 26. g4 Kf7 27. Rde3 f5 28. Re5
hxg4 29. hxg4 bxa4 30. gxf5 Nxf5 31. Rh1 Nxd4 0-1

[Event "Interclubs Adultes"]
[Site "?"]
[Date "2003.12.07"]
[Round "3.7"]
[White "Baud, Antoine"]
[Black "Meyer, Bernard"]
[Result "1-0"]
[WhiteElo "1610"]
[BlackElo "1330"]
[PlyCount "101"]
[EventDate "2003.??.??"]

1. d4 d5 2. Nf3 Nc6 3. c4 e6 4. Nc3 Nf6 5. e3 Bb4 6. a3 Bxc3+ 7. bxc3 O-O 8.
Bd3 Re8 9. Qc2 e5 10. Nd2 e4 11. Be2 Bg4 12. Bf1 a6 13. cxd5 Qxd5 14. c4 Qd7
15. Bb2 Qe7 16. Nb3 Nd7 17. Be2 Bxe2 18. Qxe2 b6 19. Qg4 Nf6 20. Qh3 a5 21. Nd2
Na7 22. Qf5 Nd7 23. O-O Nc8 24. Nxe4 Nd6 25. Nxd6 Qxd6 26. Qc2 c5 27. Rac1 Rad8
28. Qb3 Re6 29. g3 Nf6 30. f3 Nh5 31. Rc2 Rde8 32. e4 cxd4 33. Qd3 Rd8 34. f4
f5 35. e5 Qc5 36. Rff2 Nxg3 37. hxg3 Rh6 38. Rh2 Rg6 39. Rhg2 Rg4 40. Kf1 Rg6
41. Rcd2 Rh6 42. Bxd4 Qc6 43. Qb3 Qe4 44. Qe3 Qb1+ 45. Kf2 Rh1 46. Qe2 g5 47.
Rd3 g4 48. e6 Re8 49. Bc3 Kf8 50. Be1 Rxe6 51. Rd8+ 1-0

[Event "Interclubs Adultes"]
[Site "?"]
[Date "2003.12.07"]
[Round "3.8"]
[White "Vartanian, Stephan"]
[Black "Robinet, Olivier"]
[Result "0-1"]
[WhiteElo "1480"]
[BlackElo "1590"]
[PlyCount "79"]
[EventDate "2003.??.??"]

1. d4 Nf6 2. c4 d6 3. Nc3 g6 4. Nf3 Bg7 5. e4 c5 6. dxc5 Qa5 7. Bd2 Qxc5 8. Bd3
Bg4 9. Be2 Nbd7 10. Be3 Qb4 11. Qb3 a5 12. Bd2 Qxb3 13. axb3 O-O 14. h3 Bxf3
15. Bxf3 Nc5 16. Bd1 Nfxe4 17. Nxe4 Nxe4 18. Rxa5 Nxd2 19. Rxa8 Nf3+ 20. Bxf3
Rxa8 21. Kd2 Ra2 22. Rb1 b6 23. Be4 Bxb2 24. Bc2 Bd4 25. f3 e5 26. Kd3 f5 27.
g3 Bf2 28. g4 e4+ 29. fxe4 fxe4+ 30. Kc3 e3 31. Bd3 e2 32. Bxe2 Rxe2 33. Rd1
Bc5 34. Rd3 Re3 35. Rxe3 Bxe3 36. Kb4 Kf7 37. Kb5 Ke6 38. Kc6 Ke5 39. b4 Kd4
40. c5 0-1

[Event "Interclubs Adultes"]
[Site "?"]
[Date "2003.12.07"]
[Round "3.1"]
[White "Curto, Nicolas"]
[Black "Roncin, Cesar"]
[Result "1-0"]
[WhiteElo "1980"]
[BlackElo "1790"]
[PlyCount "51"]
[EventDate "2003.??.??"]

1. d4 Nf6 2. c4 g6 3. Nc3 Bg7 4. e4 d6 5. f4 O-O 6. Nf3 c5 7. d5 e6 8. Be2 exd5
9. cxd5 Re8 10. Nd2 a6 11. a4 h5 12. Qc2 Ng4 13. Bxg4 Bxg4 14. O-O Bd4+ 15. Kh1
f5 16. Nc4 Bxc3 17. Qxc3 Rxe4 18. b3 Qe7 19. Bb2 Rd4 20. Rae1 Qf7 21. Re6 Nc6
22. Nxd6 Qd7 23. Qxc5 Rd1 24. Rxd1 Bxd1 25. Rxg6+ Kh7 26. Rg7+ 1-0

[Event "Interclubs Adultes"]
[Site "?"]
[Date "2003.12.07"]
[Round "3.2"]
[White "Arnaud, Jean-Laurent"]
[Black "Uzel, Laurent"]
[Result "0-1"]
[WhiteElo "1640"]
[BlackElo "1750"]
[PlyCount "72"]
[EventDate "2003.??.??"]

1. e4 e5 2. f4 Qh4+ 3. g3 Qe7 4. Nc3 exf4 5. d4 fxg3 6. Nf3 d6 7. Bc4 Be6 8.
Qe2 g6 9. hxg3 Bg7 10. Bf4 Bg4 11. O-O-O Nf6 12. Qd3 O-O 13. e5 Ne8 14. Rxh7
Bf5 15. Rxg7+ Kxg7 16. Qd2 Nc6 17. Rh1 Rh8 18. Bh6+ Kg8 19. Nd5 Qd8 20. Ng5 Be6
21. Qf2 Rxh6 22. Nxe6 Rxh1+ 23. Kd2 fxe6 24. Nf6+ Nxf6 25. Bxe6+ Kg7 26. Qg2
Rh8 27. exf6+ Qxf6 28. d5 Qd4+ 29. Ke2 Rae8 30. c3 Qe5+ 31. Kd3 Rxe6 32. dxe6
Qxe6 33. b3 Ne5+ 34. Kc2 Qf5+ 35. Kb2 Nd3+ 36. Ka1 Re8 0-1

[Event "Interclubs Adultes"]
[Site "?"]
[Date "2003.12.07"]
[Round "3.3"]
[White "Couquet, Cyril"]
[Black "Carteron, Olivier"]
[Result "1/2-1/2"]
[WhiteElo "1730"]
[BlackElo "1570"]
[PlyCount "61"]
[EventDate "2003.??.??"]

1. e4 e6 2. d4 d5 3. Nc3 Nf6 4. e5 Nfd7 5. Bd3 c5 6. Bb5 cxd4 7. Bxd7+ Bxd7 8.
Nce2 Nc6 9. Nf3 Qc7 10. Bf4 Bb4+ 11. c3 dxc3 12. bxc3 Be7 13. O-O O-O 14. Qd3
b5 15. Rfc1 Qd8 16. Ned4 a6 17. Rab1 Na5 18. Be3 Nc4 19. Nb3 Rc8 20. Bd4 b4 21.
Nfd2 Na3 22. Rb2 Bb5 23. Qe3 bxc3 24. Rxc3 Nc4 25. Nxc4 Rxc4 26. Rbc2 Bb4 27.
Rxc4 Bxc4 28. Bc5 Bxc5 29. Qxc5 Qb8 30. Qe3 Rc8 31. Rc1 1/2-1/2

[Event "Interclubs Adultes"]
[Site "?"]
[Date "2003.12.07"]
[Round "3.4"]
[White "Doran, Niall"]
[Black "Persyn, Jacques"]
[Result "1-0"]
[WhiteElo "1510"]
[BlackElo "1700"]
[PlyCount "103"]
[EventDate "2003.??.??"]

1. e4 c5 2. c3 Nf6 3. e5 Nd5 4. Nf3 e6 5. Bc4 b6 6. Bxd5 exd5 7. d4 cxd4 8.
cxd4 Ba6 9. Nc3 Bb4 10. Bd2 Bxc3 11. Bxc3 O-O 12. Nd2 Re8 13. Qf3 Qc7 14. Qxd5
Bb7 15. Qc4 Qxc4 16. Nxc4 Bxg2 17. Rg1 Bd5 18. Nd6 Re6 19. Nf5 g6 20. h4 h5 21.
Nd6 Nc6 22. b3 a6 23. f4 Rxd6 24. exd6 Re8+ 25. Kd2 Re6 26. Rae1 Rxd6 27. f5
Rf6 28. fxg6 fxg6 29. Rg5 Rf2+ 30. Re2 Rxe2+ 31. Kxe2 Be4 32. Ke3 d5 33. a3 Kf7
34. Be1 Ne7 35. Bf2 Nf5+ 36. Kd2 Bf3 37. Rg1 Be4 38. Rc1 Ne7 39. Rc7 Ke6 40.
Ra7 a5 41. Rb7 Nc8 42. Bg3 Ne7 43. Rxb6+ Kd7 44. Rd6+ Kc8 45. Ra6 Nf5 46. Bf2
Kb7 47. Rxg6 Nxd4 48. Rg7+ Kc6 49. Bxd4 Kb5 50. Rb7+ Kc6 51. Rb6+ Kc7 52. Ra6
1-0

[Event "Interclubs Adultes"]
[Site "?"]
[Date "2003.12.07"]
[Round "3.5"]
[White "Malabave, Gabriel"]
[Black "Minchili, Franco"]
[Result "1-0"]
[WhiteElo "1700"]
[BlackElo "1580"]
[PlyCount "125"]
[EventDate "2003.??.??"]

1. e4 e6 2. d4 d5 3. Nd2 Nc6 4. Ngf3 Nge7 5. Bb5 a6 6. Ba4 b5 7. Bb3 Na5 8. c3
Nxb3 9. Qxb3 Ng6 10. Qc2 Be7 11. Nb3 O-O 12. Be3 Bd7 13. O-O-O a5 14. Kb1 Qc8
15. h4 f5 16. e5 f4 17. Bc1 c5 18. h5 Be8 19. Ka1 c4 20. Nc5 Nh8 21. Rdg1 Bxc5
22. Ng5 g6 23. dxc5 Ra7 24. g3 f3 25. Be3 h6 26. c6 Rg7 27. Nh3 g5 28. Bb6 Qxc6
29. Bxa5 Rf5 30. Re1 Nf7 31. g4 Nxe5 32. gxf5 Nd3 33. Rxe6 Qd7 34. Bb4 Kh7 35.
Bf8 Bf7 36. Bxg7 Bxe6 37. fxe6 Qxg7 38. Ng1 g4 39. Rh4 Qg5 40. Rh1 Qe5 41. Qd2
Qxe6 42. Nxf3 gxf3 43. Rg1 Qe2 44. Rd1 b4 45. Kb1 Qe4 46. Ka1 Qe2 47. cxb4 Nxb4
48. a4 Qd3 49. Qxd3+ cxd3 50. a5 Kg7 51. a6 Nxa6 52. Rxd3 Nb4 53. Rxf3 d4 54.
Rf4 Nc2+ 55. Kb1 d3 56. Rg4+ Kf6 57. Rg6+ Kf5 58. Rxh6 Nd4 59. Rd6 Ke4 60.
Rxd4+ Kxd4 61. h6 Ke4 62. Kc1 Kf3 63. Kd2 1-0

[Event "Interclubs Adultes"]
[Site "?"]
[Date "2003.12.07"]
[Round "3.6"]
[White "Royet, Damien"]
[Black "Ter Markossian, Alain"]
[Result "1/2-1/2"]
[WhiteElo "1499"]
[BlackElo "1640"]
[PlyCount "51"]
[EventDate "2003.??.??"]

1. f4 f5 2. d4 Nf6 3. Nf3 e6 4. e3 d5 5. c4 c6 6. c5 Nbd7 7. Bd3 Be7 8. Bd2 O-O
9. Bc3 Ne4 10. O-O Ndf6 11. Bxe4 Nxe4 12. Be1 Bd7 13. Nbd2 Be8 14. Nxe4 fxe4
15. Ne5 Bf6 16. Qe2 Bxe5 17. fxe5 Qe7 18. Bg3 Bg6 19. Qg4 Bf5 20. Bh4 Bxg4 21.
Bxe7 Rxf1+ 22. Rxf1 Be2 23. Rf2 Re8 24. Bd6 Bd3 25. g4 b6 26. Kg2 1/2-1/2

[Event "Interclubs Adultes"]
[Site "?"]
[Date "2003.12.07"]
[Round "3.7"]
[White "Duhem, Michel"]
[Black "Borron, Herve"]
[Result "1-0"]
[WhiteElo "1640"]
[BlackElo "1180"]
[PlyCount "49"]
[EventDate "2003.??.??"]

1. e4 e5 2. Nf3 Nc6 3. d4 exd4 4. Nxd4 Nxd4 5. Qxd4 d6 6. Bc4 Nf6 7. Nc3 Be7 8.
O-O O-O 9. Bb3 Be6 10. Bd2 Bxb3 11. axb3 c6 12. Qd3 Qd7 13. f4 Bd8 14. Kh1 Bb6
15. Qf3 Rfe8 16. f5 Bd4 17. Rae1 Be5 18. g4 d5 19. Bc1 dxe4 20. Nxe4 Nxe4 21.
Rxe4 Rad8 22. g5 Qd6 23. f6 Bxh2 24. fxg7 Rxe4 25. Qxf7# 1-0

[Event "Interclubs Adultes"]
[Site "?"]
[Date "2003.12.07"]
[Round "3.1"]
[White "Guedon, Stephane"]
[Black "Deville, Olivier"]
[Result "1-0"]
[WhiteElo "2209"]
[BlackElo "2040"]
[PlyCount "81"]
[EventDate "2003.??.??"]

1. e4 c5 2. Nf3 e6 3. d4 cxd4 4. Nxd4 Nc6 5. Nb5 d6 6. c4 Nf6 7. N1c3 a6 8. Na3
b6 9. Be3 Bb7 10. Be2 Be7 11. Qb3 Nd7 12. O-O Rc8 13. Rfd1 O-O 14. Rac1 Re8 15.
Rd2 Bf8 16. Qd1 Ba8 17. Qf1 Qc7 18. f3 Qb8 19. Qf2 Na7 20. Rdd1 Bc6 21. Kh1 Be7
22. Nc2 Ba8 23. a4 Nc6 24. Bf1 Na5 25. Na3 Nb3 26. Rb1 Ndc5 27. Nc2 Bc6 28. Na1
Nxa1 29. Rxa1 Bd8 30. b4 Nd7 31. Rac1 Ba8 32. Qg3 Bf6 33. Qxd6 Qxd6 34. Rxd6
Ne5 35. c5 bxc5 36. Bxa6 cxb4 37. Bxc8 Rxc8 38. Ne2 Nc4 39. Ra6 b3 40. Rxc4 Rd8
41. Bd4 1-0

[Event "Interclubs Adultes"]
[Site "?"]
[Date "2003.12.07"]
[Round "3.2"]
[White "Graillon, David"]
[Black "Sellami, Mohamed"]
[Result "1/2-1/2"]
[WhiteElo "1992"]
[BlackElo "2120"]
[PlyCount "43"]
[EventDate "2003.??.??"]

1. e4 c5 2. Nf3 Nc6 3. c3 d5 4. exd5 Qxd5 5. d4 cxd4 6. cxd4 e6 7. Nc3 Qd8 8.
Bb5 a6 9. Bxc6+ bxc6 10. Ne5 Bb7 11. O-O Nf6 12. Bg5 Be7 13. Rc1 O-O 14. Na4
Qa5 15. Nc5 Bxc5 16. Rxc5 Qc7 17. Bxf6 gxf6 18. Qg4+ Kh8 19. Qh4 fxe5 20. Qf6+
Kg8 21. Rxe5 Rfd8 22. Qh6 1/2-1/2

[Event "Interclubs Adultes"]
[Site "?"]
[Date "2003.12.07"]
[Round "3.3"]
[White "Lux, Gregory"]
[Black "Valet, Godeffroy"]
[Result "0-1"]
[WhiteElo "2064"]
[BlackElo "1840"]
[PlyCount "44"]
[EventDate "2003.??.??"]

1. Nf3 Nf6 2. b3 Nc6 3. Bb2 d5 4. e3 Bf5 5. Bb5 Bd7 6. O-O e6 7. Re1 Bd6 8.
Bxc6 Bxc6 9. Ne5 Bxe5 10. Bxe5 O-O 11. f4 Ne4 12. Qg4 f6 13. Qxe6+ Kh8 14. Bb2
f5 15. d3 Qh4 16. g3 Nxg3 17. Qe5 Nh5 18. Nd2 d4 19. Re2 dxe3 20. Rxe3 Rae8 21.
Qd4 Qg4+ 22. Rg3 Nxg3 0-1

[Event "Interclubs Adultes"]
[Site "?"]
[Date "2003.12.07"]
[Round "3.4"]
[White "Bron, Philippe"]
[Black "Monneret, Guy"]
[Result "0-1"]
[WhiteElo "1750"]
[BlackElo "2019"]
[PlyCount "48"]
[EventDate "2003.??.??"]

1. Nf3 Nf6 2. c4 e6 3. g3 d5 4. cxd5 exd5 5. Bg2 Be7 6. O-O O-O 7. d4 c6 8. Nc3
Nbd7 9. Bg5 h6 10. Bf4 Nh5 11. Bd2 Nhf6 12. Rc1 Bd6 13. Qc2 Re8 14. e3 b6 15.
Qa4 Bb7 16. b4 b5 17. Qb3 Nb6 18. a4 a6 19. axb5 axb5 20. Ra1 Qe7 21. Ne2 Nc4
22. Bc3 Rxa1 23. Bxa1 Bxb4 24. Ne5 Nd2 0-1

[Event "Interclubs Adultes"]
[Site "?"]
[Date "2003.12.07"]
[Round "3.5"]
[White "Ivanov, Tsewov-Grisha"]
[Black "Barthelemy, Jerome"]
[Result "1-0"]
[WhiteElo "2010"]
[BlackElo "1450"]
[PlyCount "105"]
[EventDate "2003.??.??"]

1. f4 d5 2. c4 dxc4 3. e3 Bf5 4. Bxc4 Nf6 5. Nc3 e6 6. Nf3 Nc6 7. O-O Bc5 8. d4
Be7 9. a3 a6 10. Ne5 Nxe5 11. fxe5 Ne4 12. Nxe4 Bxe4 13. b4 b5 14. Bd3 Bxd3 15.
Qxd3 O-O 16. Bb2 c6 17. Rac1 Rc8 18. Rc2 Qb6 19. Rfc1 Rc7 20. Qe4 Rfc8 21. Rf1
a5 22. Qf3 Bf8 23. bxa5 Qa7 24. h4 h6 25. g4 g6 26. Rfc1 c5 27. d5 exd5 28. e6
fxe6 29. Qf6 Bg7 30. Qxg6 Kh8 31. Qxh6+ Kg8 32. Qxe6+ Kh8 33. Bxg7+ Kxg7 34.
Qxd5 c4 35. Qd4+ Qxd4 36. exd4 Ra8 37. Kf2 Rxa5 38. Rc3 Rf7+ 39. Kg3 Kg6 40.
h5+ Kg5 41. Re1 Rd7 42. Re5+ Kh6 43. Re6+ Kh7 44. Re4 Rda7 45. g5 Rxa3 46. Rxa3
Rxa3+ 47. Kg4 c3 48. Re7+ Kg8 49. h6 Ra1 50. Rc7 Rc1 51. Kh5 b4 52. Kg6 Rf1 53.
h7+ 1-0

[Event "Interclubs Adultes"]
[Site "?"]
[Date "2003.12.07"]
[Round "3.6"]
[White "Mialon, Franck"]
[Black "Picot, Brice"]
[Result "0-1"]
[WhiteElo "1300"]
[BlackElo "1890"]
[PlyCount "82"]
[EventDate "2003.??.??"]

1. e4 c6 2. d4 d5 3. e5 Bf5 4. Nf3 e6 5. Bd3 Bg6 6. Bxg6 hxg6 7. Qd3 Ne7 8. Ng5
Nf5 9. Bd2 Be7 10. h4 c5 11. dxc5 Nc6 12. Nc3 Nxe5 13. Qb5+ Qd7 14. Qxd7+ Nxd7
15. Nb5 Kf8 16. O-O-O Kg8 17. g4 Nxh4 18. Nd6 Rf8 19. Rh3 Nxc5 20. Ngxf7 Rxf7
21. Nxf7 Kxf7 22. g5 Ne4 23. f4 Nf2 24. Rb3 Nxd1 25. Rxb7 Nf2 26. Bb4 Nf5 27.
Rxa7 Rc8 28. Bxe7 Nxe7 29. a4 Nd3+ 30. Kb1 Nb4 31. c3 Nbc6 32. Rb7 Ra8 33. b3
Ra7 34. Rxa7 Nxa7 35. b4 Ke8 36. b5 Nec8 37. Kb2 Kd7 38. Kb3 Kc7 39. Kb4 Nd6
40. Ka5 Kb7 41. b6 Nc6# 0-1

[Event "Interclubs Adultes"]
[Site "?"]
[Date "2004.01.18"]
[Round "4.1"]
[White "Gabriel, Damien"]
[Black "Garcia Garcia, Ruben"]
[Result "0-1"]
[WhiteElo "2112"]
[BlackElo "2298"]
[PlyCount "90"]
[EventDate "2004.??.??"]

1. f4 Nf6 2. Nf3 d6 3. Nc3 g6 4. e4 c5 5. Bb5+ Nc6 6. Bxc6+ bxc6 7. d3 Bg7 8.
O-O O-O 9. Qe1 Qb6 10. Kh1 Bg4 11. Qh4 Rfe8 12. e5 Bxf3 13. Rxf3 Nd7 14. Ne4 c4
15. Ng5 h6 16. Nxf7 Kxf7 17. e6+ Kxe6 18. Qg4+ Kf7 19. Qxd7 Rad8 20. Qg4 h5 21.
Qg3 e6 22. Rb1 Qa6 23. a3 cxd3 24. cxd3 Rb8 25. b4 Qa4 26. Qe1 a5 27. h3 axb4
28. Rxb4 Rxb4 29. axb4 Ra8 30. Rg3 Qc2 31. Qe4 Qxc1+ 32. Kh2 Qc3 33. Qxg6+ Kf8
34. Qxe6 Qf6 35. Qd7 Rd8 36. Qxc6 Qxf4 37. Qf3 Be5 38. Kg1 Qxf3 39. Rxf3+ Kg7
40. Kf2 Rb8 41. Ke3 Rxb4 42. Rf5 Kg6 43. Rf8 h4 44. Rg8+ Kf5 45. Re8 Rb2 0-1

[Event "Interclubs Adultes"]
[Site "?"]
[Date "2004.01.18"]
[Round "4.2"]
[White "Deville, Olivier"]
[Black "Mercier, Jean-Yves"]
[Result "1-0"]
[WhiteElo "2040"]
[BlackElo "1770"]
[PlyCount "87"]
[EventDate "2004.??.??"]

1. Nf3 f5 2. d4 Nf6 3. g3 g6 4. Bg2 Bg7 5. O-O O-O 6. c3 c6 7. Nbd2 d5 8. Ne1
Nbd7 9. Nd3 Ne4 10. Nf3 b6 11. Nfe5 Nxe5 12. Nxe5 Bd7 13. f3 Nd6 14. Bf4 Bxe5
15. dxe5 Nf7 16. Qd2 e6 17. h4 c5 18. e4 Bc6 19. exf5 gxf5 20. Bg5 Nxg5 21.
hxg5 Qe7 22. Kf2 Rad8 23. f4 Qb7 24. Rh1 d4 25. Bxc6 Qxc6 26. Rh6 Rd7 27. Rd1
Rfd8 28. Qe2 d3 29. Qf3 Qxf3+ 30. Kxf3 Re8 31. c4 a6 32. Ke3 Rd4 33. Rxd3 Rxc4
34. Rd6 Rb4 35. b3 a5 36. Rhxe6 Rxe6 37. Rxe6 b5 38. Rc6 c4 39. bxc4 bxc4 40.
Kd4 Ra4 41. Rxc4 Rxa2 42. Kd5 a4 43. Ke6 a3 44. Ra4 1-0

[Event "Interclubs Adultes"]
[Site "?"]
[Date "2004.01.18"]
[Round "4.3"]
[White "Chapus, Norbert"]
[Black "Graillon, David"]
[Result "0-1"]
[WhiteElo "1770"]
[BlackElo "1992"]
[PlyCount "48"]
[EventDate "2004.??.??"]

1. e4 e5 2. Nf3 Nc6 3. Bb5 Nf6 4. d3 Bc5 5. O-O d6 6. Be3 Bb6 7. h3 O-O 8. Nbd2
Nd4 9. Bc4 Nxf3+ 10. Qxf3 c6 11. Bxb6 axb6 12. Bb3 d5 13. exd5 cxd5 14. Rfe1
Re8 15. c4 d4 16. Re2 Qc7 17. Rae1 Ra5 18. Qg3 h6 19. Nf3 Nh5 20. Qh4 Nf4 21.
Rd2 Re6 22. Kh1 Rg6 23. Rg1 e4 24. g4 exf3 0-1

[Event "Interclubs Adultes"]
[Site "?"]
[Date "2004.01.18"]
[Round "4.4"]
[White "Valet, Godeffroy"]
[Black "Tourette, Yvan"]
[Result "1-0"]
[WhiteElo "1960"]
[BlackElo "1790"]
[PlyCount "111"]
[EventDate "2004.??.??"]

1. e4 d5 2. exd5 Qxd5 3. Nc3 Qd6 4. d4 Nf6 5. Nb5 Qd8 6. Nf3 a6 7. Nc3 Qd6 8.
Ne5 Nc6 9. Bf4 Qxd4 10. Nxc6 Qxd1+ 11. Rxd1 bxc6 12. Bxc7 Bf5 13. Bxa6 Nd7 14.
Bd3 Bxd3 15. Rxd3 e5 16. O-O f6 17. Rfd1 Nc5 18. Rd8+ Rxd8 19. Rxd8+ Ke7 20.
Ra8 Kd7 21. Bb6 Ne6 22. a4 g6 23. Ra7+ Kc8 24. Ne4 f5 25. Nf6 Bg7 26. Nd7 Re8
27. Nc5 Nxc5 28. Bxc5 Rd8 29. Ra8+ Kd7 30. Rxd8+ Kxd8 31. a5 e4 32. a6 Kc7 33.
a7 Kb7 34. b4 Bc3 35. Kf1 Be5 36. h3 f4 37. c4 g5 38. b5 cxb5 39. cxb5 h5 40.
b6 g4 41. Ke2 f3+ 42. Kf1 g3 43. gxf3 exf3 44. fxg3 Bxg3 45. Bf2 Be5 46. Ke1
Bf6 47. Kd2 h4 48. Kd3 Bg5 49. Ke4 Be7 50. Kxf3 Bf6 51. Ke4 Bg5 52. Kd5 Be7 53.
Ke6 Bd8 54. Kd7 Bg5 55. a8=Q+ Kxa8 56. Kc8 1-0

[Event "Interclubs Adultes"]
[Site "?"]
[Date "2004.01.18"]
[Round "4.5"]
[White "Cruzille, Jean"]
[Black "Bron, Philippe"]
[Result "0-1"]
[WhiteElo "1670"]
[BlackElo "1790"]
[PlyCount "48"]
[EventDate "2004.??.??"]

1. e4 c5 2. f4 Nc6 3. Nf3 d6 4. c3 Nf6 5. e5 dxe5 6. fxe5 Nd5 7. d4 cxd4 8.
cxd4 Bf5 9. Bd3 Bxd3 10. Qxd3 Ndb4 11. Qb3 Nxd4 12. Nxd4 Qxd4 13. Qa4+ Nc6 14.
Qxd4 Nxd4 15. Na3 e6 16. Be3 Bxa3 17. Bxd4 Bb4+ 18. Ke2 O-O-O 19. Rhc1+ Kb8 20.
Rc4 Ba5 21. Rac1 Rd5 22. Ke3 Rhd8 23. Rd1 b5 24. Rcc1 Bb6 0-1

[Event "Interclubs Adultes"]
[Site "?"]
[Date "2004.01.18"]
[Round "4.6"]
[White "Lestra, Franck"]
[Black "Demars, Laurent"]
[Result "1/2-1/2"]
[WhiteElo "1770"]
[BlackElo "1660"]
[PlyCount "85"]
[EventDate "2004.??.??"]

1. d4 d5 2. c4 Nc6 3. e3 e5 4. dxe5 d4 5. Nf3 Bg4 6. Be2 Bb4+ 7. Kf1 d3 8. Qxd3
Qxd3 9. Bxd3 Bxf3 10. gxf3 Nxe5 11. Be2 O-O-O 12. a3 Be7 13. Nc3 Nf6 14. b4 Nd3
15. Bxd3 Rxd3 16. Nb5 a6 17. Ke2 Rd7 18. Nd4 Nh5 19. Ra2 Bf6 20. Nb3 Re8 21. e4
Be5 22. Be3 Nf4+ 23. Bxf4 Bxf4 24. Raa1 Rd6 25. Rad1 Rxd1 26. Rxd1 h6 27. h3 g6
28. Nc5 b6 29. Nd3 Bg5 30. a4 f5 31. e5 Kb7 32. f4 Be7 33. b5 a5 34. Kf3 Rd8
35. Ke2 Re8 36. Ne1 Bc5 37. Nd3 Be7 38. Ke3 Rd8 39. Rd2 g5 40. Kf3 gxf4 41. Rd1
Rd4 42. Nb2 Re4 43. Rd3 1/2-1/2

[Event "Interclubs Adultes"]
[Site "?"]
[Date "2004.01.18"]
[Round "4.7"]
[White "Tourette, Remi"]
[Black "Chabas, Jean-Luc"]
[Result "1/2-1/2"]
[WhiteElo "1530"]
[BlackElo "1580"]
[PlyCount "118"]
[EventDate "2004.??.??"]

1. e4 e5 2. Nf3 Nc6 3. Bc4 Nf6 4. Ng5 d5 5. exd5 Na5 6. Bb5+ c6 7. dxc6 bxc6 8.
Ba4 Bg4 9. f3 Bf5 10. d3 Bd6 11. O-O O-O 12. Nc3 Qc7 13. Nce4 Be7 14. Qe1 h6
15. Nxf6+ Bxf6 16. Ne4 Be7 17. Qg3 Bg6 18. a3 Nb7 19. Bb3 Kh7 20. f4 Nc5 21.
Bc4 Nxe4 22. dxe4 Bc5+ 23. Kh1 f6 24. f5 Bf7 25. Be2 Rad8 26. Be3 Qb6 27. Bxc5
Qxc5 28. c3 Rd2 29. Bf3 Rfd8 30. Rad1 Rxd1 31. Rxd1 Rxd1+ 32. Bxd1 Qb5 33. Qf2
Qb6 34. Qxb6 axb6 35. Kg1 Bc4 36. Bc2 Kg8 37. Kf2 Kf8 38. Ke3 Ke7 39. b3 Ba6
40. Bd3 Bb7 41. b4 Kd6 42. Bc4 c5 43. Bd3 Bc6 44. b5 Be8 45. Bc4 Kc7 46. g4 Kb8
47. a4 Kc7 48. Kf3 Kb8 49. h4 Kc7 50. Kg3 Kb8 51. Be2 Bf7 52. c4 Kb7 53. g5 Kc7
54. g6 Be8 55. Kf3 Bd7 56. Ke3 Kb7 57. Kd3 Be8 58. Kc3 Bd7 59. Kb3 Be8 1/2-1/2

[Event "Interclubs Adultes"]
[Site "?"]
[Date "2004.01.18"]
[Round "4.8"]
[White "Mialon, Franck"]
[Black "Martin, Denis"]
[Result "0-1"]
[WhiteElo "1290"]
[BlackElo "1499"]
[PlyCount "54"]
[EventDate "2004.??.??"]

1. e4 c6 2. d4 d5 3. e5 Bf5 4. h3 e6 5. Nf3 Nd7 6. Bd3 Bxd3 7. Qxd3 Ne7 8. Bg5
Qb6 9. Nbd2 Nf5 10. O-O c5 11. dxc5 Bxc5 12. a3 O-O 13. b4 Bd4 14. Rae1 Rac8
15. Be3 Bxe3 16. fxe3 Qc7 17. g4 Ne7 18. Rc1 Nxe5 19. Nxe5 Qxe5 20. Nf3 Qg3+
21. Kh1 Qxh3+ 22. Nh2 Rc4 23. Rf3 Qh4 24. e4 Rxe4 25. Rh3 Qg5 26. Nf3 Qxc1+ 27.
Kh2 Ng6 0-1

[Event "Interclubs Adultes"]
[Site "?"]
[Date "2004.01.18"]
[Round "4.1"]
[White "Roncin, Cesar"]
[Black "Guedon, Stephane"]
[Result "0-1"]
[WhiteElo "1680"]
[BlackElo "2209"]
[PlyCount "66"]
[EventDate "2004.??.??"]

1. e4 c5 2. Nf3 Nc6 3. d4 cxd4 4. Nxd4 Nf6 5. Nc3 d6 6. Be2 g6 7. Be3 Bg7 8. f3
O-O 9. Qd2 d5 10. exd5 Nxd5 11. Nxc6 bxc6 12. Bd4 e5 13. Bc5 Re8 14. O-O Qa5
15. Ne4 Qxd2 16. Nxd2 Nf4 17. Bc4 Bf5 18. Ne4 Ne6 19. Bxe6 Bxe6 20. b4 f5 21.
Nd6 Red8 22. Rad1 Rd7 23. a3 Rad8 24. Rfe1 Bf8 25. Rxe5 Bxd6 26. Bxd6 Rxd6 27.
Rde1 Bf7 28. Ra5 R8d7 29. Rc5 Kf8 30. Kf2 Re7 31. Rb1 Rd2+ 32. Kg3 Ree2 33.
Rxc6 g5 0-1

[Event "Interclubs Adultes"]
[Site "?"]
[Date "2004.01.18"]
[Round "4.2"]
[White "Sellami, Mohamed"]
[Black "Djouder, Larbi"]
[Result "1-0"]
[WhiteElo "2120"]
[BlackElo "1670"]
[PlyCount "39"]
[EventDate "2004.??.??"]

1. e4 c5 2. Nf3 Nc6 3. d4 cxd4 4. Nxd4 Nf6 5. Nc3 d6 6. Bg5 e6 7. Qd2 Be7 8.
O-O-O a6 9. f4 Bd7 10. Nf3 Rc8 11. e5 dxe5 12. fxe5 Ng4 13. Ne4 Qc7 14. Bxe7
Kxe7 15. Nd6 Rcd8 16. Qg5+ Nf6 17. exf6+ gxf6 18. Qc5 Qa5 19. Nf5+ Ke8 20. Ng7#
1-0